The role of international mobility in shaping academic tourism Hungary as a case study
| Main Author: | |
|---|---|
| Other Authors: | |
| Format: | Thesis |
| Kulcsszavak: | academic mobility Hungary international mobility tourism travel behaviors |
| Online Access: | http://dolgozattar.uni-bge.hu/59827 |
MARC
| LEADER | 00000nta a2200000 i 4500 | ||
|---|---|---|---|
| 001 | dolg59827 | ||
| 005 | 20260409145621.0 | ||
| 008 | 260409suuuu hu om 000 eng d | ||
| 040 | |a BGE Dolgozattár Repozitórium |b hun | ||
| 041 | |a en | ||
| 100 | 1 | |a Torres Acevedo Alex Citlalli | |
| 245 | 1 | 4 | |a The role of international mobility in shaping academic tourism |b Hungary as a case study |c Torres Acevedo Alex Citlalli |h [elektronikus dokumentum] |
| 520 | 3 | |a This thesis explores how international student mobility shapes academic tourism in Hungary, focusing on the experiences of students in programs like Erasmus+ and Stipendium Hungaricum. Using surveys and interviews, the study finds that students are highly mobile, motivated by Hungary’s central location, affordability, and cultural opportunities. Their travel behaviors extend across Hungary and Europe, and most act as informal tourism ambassadors by hosting and guiding visiting family and friends-many of whom would not have visited otherwise. These patterns generate significant direct and indirect tourism benefits, especially in culture, gastronomy, and wellness sectors. However, students face persistent challenges with language barriers, bureaucracy, and integration, often relying on peer networks for support. The findings highlight opportunities for Hungarian stakeholders to better integrate academic mobility with tourism development, expand English-language resources, and support student-driven tourism. Ultimately, international students not only enrich higher education but also contribute to sustainable tourism growth and long-term international connections for Hungary. | |
| 695 | |a academic mobility | ||
| 695 | |a Hungary | ||
| 695 | |a international mobility | ||
| 695 | |a tourism | ||
| 695 | |a travel behaviors | ||
| 700 | 1 | |a Kovács Dr. Edina |e ths | |
| 856 | 4 | 0 | |u http://dolgozattar.uni-bge.hu/59827/1/AlexTorres_FinalThesis.pdf |z Dokumentum-elérés |
| 856 | 4 | 0 | |u http://dolgozattar.uni-bge.hu/59827/2/Thesis%20Assessment%20Sheet_MSc_Diego_v.pdf |z Dokumentum-elérés |
| 856 | 4 | 0 | |u http://dolgozattar.uni-bge.hu/59827/3/Torres_Acevedo_Alex_Citlalli_supervisor_Kovacs_Edina.pdf |z Dokumentum-elérés |